| 000 | 01599cam a22004574 4500 | ||
|---|---|---|---|
| 003 | PE-LiUPU | ||
| 005 | 20250731173403.0 | ||
| 008 | 1972 sp r0 00 0 spa d | ||
| 020 | _a0939125099 | ||
| 035 | _a(Sirsi) i9780939125098 | ||
| 035 | _a(Sirsi) 45540 | ||
| 035 | _a(Sirsi) 45540 | ||
| 041 | _aes | ||
| 082 | 0 | 4 |
_a227.07 _bC18 |
| 100 | 1 | _aCalvino, Juan | |
| 245 | 1 | 0 |
_aComentario a las epístolas pastorales / _cJuan Calvino. |
| 264 | 1 |
_a[España] : _bDesafío, _c[1972] |
|
| 300 |
_a415 páginas ; _c23 centímetros |
||
| 336 |
_atext _2rdacontent |
||
| 337 |
_aunmediated _2rdamedia |
||
| 338 |
_avolume _2rdacarrier |
||
| 505 | 0 | _aEl contenido de la primera Epístola a Timoteo -- Comentarios sobre la segunda Epístola a Timoteo -- Comentarios sobre la Epístola a Tito -- Comentarios a la Epístola a Filemón | |
| 526 | _aSEG42 | ||
| 526 | _aSEG41 | ||
| 526 | _aSEG40 | ||
| 526 | _aSEG39 | ||
| 526 | _aP94 | ||
| 526 | _aP87 | ||
| 526 | _aP86 | ||
| 526 | _aP85 | ||
| 526 | _aP77 | ||
| 526 | _aP76 | ||
| 526 | _aP35 | ||
| 630 |
_aBiblia _pN.T. _pEpístolas pastorales _vComentarios |
||
| 942 |
_2ddc _cBOOK |
||
| 949 |
_a227.07 C18 _i63097 _lCCODEBUL1 _mBUL _tLIBRO _o.STAFF. Colección Teología |
||
| 910 |
_agl _bjv _clch _d20110718 |
||
| 596 | _a1 | ||
| 999 |
_a227.07 C18 _wDEWEY _c52112 _i63097 _d52112 _e2016-9-25 _f2021-11-9 _g5 _lCCODEBUL1 _mBUL _n2 _p47.00 _q1 _r0 _sY _tBOOK _u2015-7-6 _xTEOLOGIA _PP35 _0COMPRA _o.STAFF. Colección Teología |
||
| 980 |
_81 _gALBERTO SANCHEZ Responsable de Automatización |
||